Statistics for Mayors of San Diego by Picture

Click here to take the quiz!

General Stats

  • This quiz has been taken 4 times
  • The average score is 5 of 37

Answer Stats

Answer% Correct
Bob Filner
100%
Pete Wilson
75%
Kevin Faulconer
50%
Dick Murphy
50%
Roger Hedgecock
50%
Susan Golding
50%
Maureen O'Connor
50%
Toni Atkins
50%
Todd Gloria
50%
Michael Zucchet
0%
Rutherford B. Irones
0%
Jerry Saunders
0%
Frank Curran
0%
Charles Dail
0%
John D. Butler
0%
Harley E. Knox
0%
Howard B. Bard
0%
Percy J. Benbough
0%
Joshua Bean
0%
David B. Kurtz
0%
Frank P. Frary
0%
George P. Tebbetts
0%
Douglas Gunn
0%
Matthew Sherman
0%
William H. Carlson
0%
Daniel C. Reed
0%
Edwin M. Capps
0%
John L. Sehon
0%
Walter W. Austin
0%
John F. Forward Sr.
0%
Grant Conrad
0%
James E. Wadham
0%
Charles F. O'Neall
0%
Louis J. Wilde
0%
John L. Bacon
0%
Harry C. Clark
0%
John F. Forward Jr.
0%

Score Distribution

Percentile by Number Answered

Percent of People with Each Score

Your Score History

You have not taken this quiz